Toy soldiers.

Instead of history remaining dead on a flat page, or being distorted by movies that present a one-sided view of events, you can use models to help fire students imaginations and engage them in a particular time period.

Bibliographic Details
Corporate Author: Maverick Television (Television network) (Producer)
Format: Video
Language:English
Language Notes:This edition in English.
Published: [London] : Teachers TV/UK Dept. of Education, 2005.
Series:Teachers' trade secrets ; 46
Subjects:
Online Access:Connect to this streaming video (Alexander Street Press)

MARC

Tag First Indicator Second Indicator Subfields
LEADER 00000cgm a2200000Ma 4500
001 in00005540802
006 m o c
007 vz |zazu|
008 120229s2005 enk001 o vleng d
005 20241201225829.0
035 |a (OCoLC)ocn829687973 
040 |a ALSTP  |b eng  |e pn  |c ALSTP  |d OCLCO  |d OCLCQ  |d OCLCF  |d OCLCQ  |d VLB  |d OCLCQ  |d OCLCO  |d OCLCA  |d OCLCQ  |d EZ9  |d MNI  |d INT  |d OCLCQ  |d WYU  |d OCLCQ  |d OCLCO 
019 |a 1112302509  |a 1269043675  |a 1430882969  |a 1443997974 
035 |a (OCoLC)829687973  |z (OCoLC)1112302509  |z (OCoLC)1269043675  |z (OCoLC)1430882969  |z (OCoLC)1443997974 
050 4 |a D16.25  |b .T69 2005ev 
049 |a TXAM 
245 0 0 |a Toy soldiers. 
260 |a [London] :  |b Teachers TV/UK Dept. of Education,  |c 2005. 
300 |a 1 online resource (1 min.). 
336 |a two-dimensional moving image  |b tdi  |2 rdacontent 
337 |a computer  |b c  |2 rdamedia 
338 |a online resource  |b cr  |2 rdacarrier 
347 |a video file  |2 rda 
490 0 |a Teachers' trade secrets ;  |v 46 
500 |a Title from resource description page (viewed Mar. 5, 2012). 
520 |a Instead of history remaining dead on a flat page, or being distorted by movies that present a one-sided view of events, you can use models to help fire students imaginations and engage them in a particular time period. 
546 |a This edition in English. 
650 0 |a History  |x Study and teaching  |x Activity programs. 
650 0 |a Teaching  |x Aids and devices. 
650 6 |a Histoire  |x Étude et enseignement  |x Méthodes actives. 
650 6 |a Matériel didactique. 
650 7 |a History  |x Study and teaching  |x Activity programs.  |2 fast  |0 (OCoLC)fst00958304 
650 7 |a Teaching  |x Aids and devices.  |2 fast  |0 (OCoLC)fst01144567 
655 4 |a Alexander Street Video. 
655 7 |a Instructional television programs.  |2 fast  |0 (OCoLC)fst01726126 
655 7 |a Instructional television programs.  |2 lcgft 
655 7 |a Émissions pédagogiques télévisées.  |2 rvmgf 
710 2 |a Maverick Television (Television network)  |4 pro 
776 0 8 |i Print version:  |t Toy soldiers.  |d [London] : Teachers TV/UK Dept. of Education, 2005 publisher catalog number  |o C/0522/046 
856 4 0 |u http://proxy.library.tamu.edu/login?url=https://www.aspresolver.com/aspresolver.asp?AVN2;1781205  |z Connect to this streaming video (Alexander Street Press)  |t 0 
955 |a Alexander Street Press subscription streaming video 
994 |a 92  |b TXA 
999 f f |s 6fcaa9f9-7802-4b2e-a5ac-0c27a0f9f4d2  |i 274b467e-1f5d-4917-91b2-144d349ad3dd  |t 0 
952 f f |a Texas A&M University  |b College Station  |c Electronic Resources  |d Available Online  |t 0  |e D16.25 .T69 2005ev  |h Library of Congress classification 
998 f f |a D16.25 .T69 2005ev  |t 0  |l Available Online